Alle Länder Portugals (mit Karte) - Statistiken

Allgemein
  • Dieses Quiz wurde 32 mal gespielt
  • Das Durchschnittsergebnis liegt bei 44 aus 49
Antworten auf der Karte
Die Antworten werden auf der Karte rot bzw. grün angezeigt, abhängig davon wie oft sie richtig erraten wurden.
 
Antwortstatistiken
Land % Korrekt
Angola
100%
Brasilien
100%
Mosambik
100%
Bangladesch
96%
Demokratische Republik Kongo
96%
Indien
96%
Oman
96%
Portugal
96%
Senegal
96%
Uruguay
96%
China
92%
Eritrea
92%
Frankreich
92%
Guyana
92%
Jemen
92%
Kap Verde
92%
Katar
92%
Madagaskar
92%
Malawi
92%
Malediven
92%
Marokko
92%
Myanmar
92%
Sambia
92%
São Tomé und Príncipe
92%
Simbabwe
92%
Somalia
92%
Spanien
92%
Sri Lanka
92%
Sudan
92%
Äquatorialguinea
88%
Benin
88%
Ghana
88%
Guinea-Bissau
88%
Indonesien
88%
Japan
88%
Kenia
88%
Malaysia
88%
Mauretanien
88%
Osttimor
88%
Republik Kongo
88%
Tansania
88%
Bahrain
85%
Mauritius
85%
Philippinen
85%
Saudi-Arabien
81%
Barbados
73%
Iran
73%
Vereinigte Arabische Emirate
69%
Grossbritannien (St. Helena)
46%
Keine übereinstimmenden Quizze gefunden
Verteilung der Resultate
Anzahl Personen mit jedem Resultat
Perzentil nach korrekt beantworteten Fragen
Ihre Resultats-Entwicklung
Sie haben dieses Quiz noch nicht gespielt